गीतों की छाया में क्षण भर/ (Record no. 206378)
[ view plain ]
| 000 -LEADER | |
|---|---|
| fixed length control field | 00880nam a22002177a 4500 |
| 005 - DATE AND TIME OF LATEST TRANSACTION | |
| control field | 20241014123808.0 |
| 010 ## - LCCN (DPL NO) | |
| LC control number | HIN-128599 |
| 020 ## - INTERNATIONAL STANDARD BOOK NUMBER | |
| Terms of availability | 199.00 |
| International Standard Book Number | 9788119190393 |
| 035 ## - SYSTEM CONTROL NUMBER | |
| System control number | HN-100945 |
| 037 ## - SOURCE OF ACQUISITION | |
| Source of stock number/acquisition | DBAD |
| 082 ## - DEWEY DECIMAL CLASSIFICATION NUMBER | |
| Classification number | 821 |
| 100 ## - MAIN ENTRY--PERSONAL NAME | |
| Personal name | रामकृष्ण |
| 245 ## - TITLE STATEMENT | |
| Title | गीतों की छाया में क्षण भर/ |
| Statement of responsibility, etc | रामकृष्ण |
| 250 ## - EDITION STATEMENT | |
| Edition statement | प्रथम |
| 260 ## - PUBLICATION, DISTRIBUTION, ETC. (IMPRINT) | |
| Place of publication, distribution, etc | शाहिबाबाद |
| Name of publisher, distributor, etc | समदर्शी प्रकाशन |
| Date of publication, distribution, etc | 2023 |
| 270 ## - ADDRESS | |
| Address | प्लाट नंबर-152, प्रथम तल ,विक्रम एन्क्लेव |
| City | शाहिबाबाद |
| Postal code | 201005 |
| Telephone number | 9599323508 |
| 300 ## - PHYSICAL DESCRIPTION | |
| Extent | 124पेज. |
| Dimensions | 22 सेमी (अजिल्द) |
| 490 ## - SERIES STATEMENT | |
| Series statement | गीत संग्रह |
| 700 ## - ADDED ENTRY--PERSONAL NAME | |
| 9 (RLIN) | 68371 |
| 942 ## - ADDED ENTRY ELEMENTS (KOHA) | |
| Source of classification or shelving scheme | Dewey Decimal Classification |
| Item type | Hindi Books |
| Classification part | 821 |
| Call number suffix | रामकृष्ण |
| Withdrawn status | Lost status | Not for loan | Collection code | Home library | Current library | Date acquired | Source of acquisition | Cost, normal purchase price | Full call number | Barcode | Copy number | Cost, replacement price | Koha item type |
|---|---|---|---|---|---|---|---|---|---|---|---|---|---|
| Non-fiction | Bawana | Bawana | 14/10/2024 | DBAD | 199.00 | 821 रामकृ | HN-100945 | 1 | 199.00 | Hindi Books |
